Africa at the Olympics / (Record no. 5600)

MARC details
000 -LEADER
fixed length control field 00842cam a2200289 i 4500
001 - CONTROL NUMBER
control field 2713295
003 - CONTROL NUMBER IDENTIFIER
control field OSt
005 - DATE AND TIME OF LATEST TRANSACTION
control field 20210921153021.0
008 - FIXED-LENGTH DATA ELEMENTS--GENERAL INFORMATION
fixed length control field 761217s1976 enkac 000 0 eng
010 ## - LIBRARY OF CONGRESS CONTROL NUMBER
LC control number 76382677
015 ## - NATIONAL BIBLIOGRAPHY NUMBER
National bibliography number GB76-26582
020 ## - INTERNATIONAL STANDARD BOOK NUMBER
International Standard Book Number 0903274078 :
Terms of availability £2.00
040 ## - CATALOGING SOURCE
Original cataloging agency DDC
Transcribing agency HU
Modifying agency DLC
043 ## - GEOGRAPHIC AREA CODE
Geographic area code f------
050 00 - LIBRARY OF CONGRESS CALL NUMBER
Classification number GV721.5
Item number .A558
082 00 - DEWEY DECIMAL CLASSIFICATION NUMBER
Classification number 796.48096/ALI
100 1# - MAIN ENTRY--PERSONAL NAME
Personal name Ali, Ramadhan.
9 (RLIN) 5736
245 10 - TITLE STATEMENT
Title Africa at the Olympics /
Statement of responsibility, etc. by Ramadhan Ali.
260 ## - PUBLICATION, DISTRIBUTION, ETC.
Place of publication, distribution, etc. London :
Name of publisher, distributor, etc. Africa Books,
Date of publication, distribution, etc. 1976.
300 ## - PHYSICAL DESCRIPTION
Extent 5-162 p. :
Other physical details ill., ports. ;
Dimensions 23 cm.
650 #0 - SUBJECT ADDED ENTRY--TOPICAL TERM
Topical term or geographic name entry element Olympics
General subdivision Revival, 1896-
9 (RLIN) 5737
650 #0 - SUBJECT ADDED ENTRY--TOPICAL TERM
Topical term or geographic name entry element Athletes
Geographic subdivision Africa.
9 (RLIN) 5738
650 #0 - SUBJECT ADDED ENTRY--TOPICAL TERM
Topical term or geographic name entry element Sports and state.
9 (RLIN) 5739
650 #0 - SUBJECT ADDED ENTRY--TOPICAL TERM
Topical term or geographic name entry element Olympics
General subdivision Participation, African.
9 (RLIN) 5740
906 ## - LOCAL DATA ELEMENT F, LDF (RLIN)
a 7
b cbc
c orignew
d 3
e ncip
f 19
g y-gencatlg
942 ## - ADDED ENTRY ELEMENTS (KOHA)
Source of classification or shelving scheme Dewey Decimal Classification
Koha item type Books like text book referance book
Suppress in OPAC No
Holdings
Withdrawn status Lost status Source of classification or shelving scheme Damaged status Not for loan Home library Current library Shelving location Date acquired Total Checkouts Full call number Barcode Date last seen Copy number Price effective from Koha item type
    Dewey Decimal Classification     Natural & Computational Science Library Natural & Computational Science Library General Stacks 09/21/2021   796.48096/ALI NSCLIB00009942 09/21/2021 1 09/21/2021 Books like text book referance book